| 000 | 00736nam a22002057a 4500 | ||
|---|---|---|---|
| 003 | BD-DhUL | ||
| 005 | 20160921191151.0 | ||
| 008 | 160126s1378 bg |||| |||| 001 0 ben | ||
| 020 | _a9843000021825 | ||
| 040 |
_aBD-DhUL _cBD-DhUL |
||
| 082 |
_a954.92 _bSOP |
||
| 245 |
_aপ্রত্যক্ষদর্শীর চোখে বাংলাদেশ / _cসোমেন পাল সম্পাদিত |
||
| 250 | _a১ম সং. | ||
| 260 |
_aকলিকাতা : _bরিফ্লেক্ট পাব, _c১৩৭৮ব. |
||
| 300 |
_a১৪৪ পৃ. : _c২১ সেমি. |
||
| 365 |
_aBDT _b270 |
||
| 650 | _aবাংলাদেশ-ইতিহাস | ||
| 651 | 1 |
_aBangladesh _xHistory |
|
| 942 |
_2ddc _cBK |
||
| 999 |
_c105304 _d105304 |
||